| 000 | 01154nam a22003137a 4500 | ||
|---|---|---|---|
| 005 | 20240530110441.0 | ||
| 008 | 150419s2011 ua a g b 000 0 ara d | ||
| 017 |
_a2010/22187 _bمصر . دار الكتب المصرية |
||
| 020 | _a9772328119 | ||
| 040 | _aEG-CaGPL | ||
| 082 | 0 | 4 |
_221 _a153.42\ _bس ت |
| 100 | 0 | _aسناء محمد سليمان | |
| 245 | 1 | 2 |
_aالتفكير : _bاساسياته و انواعه تعليمه وتنمية مهاراته / _cاعداد سناء محمد سليمان |
| 250 | _aط1. | ||
| 260 |
_aالقاهرة : _bعالم الكتب ، _c2011. |
||
| 300 |
_a600 ص ؛ _c24 سم. |
||
| 504 | _aيشتمل على ارجاعات ببليوجرافية | ||
| 650 | 0 | 4 | _aالتفكير |
| 650 | 0 | 4 |
_aالتفكير _xبرامج |
| 650 | 0 | 4 | _aالتفكير الاستدلالى |
| 650 | 0 | 4 | _aالتفكير العلمى |
| 650 | 0 | 4 | _aالتفكير الارتباطى |
| 650 | 0 | 4 | _aالابداع |
| 650 | 0 | 4 | _aالتفكير السلبى |
| 650 | 0 | 4 | _aالتفكير الايجابى |
| 650 | 0 | 4 |
_aالتفكير _xانواع |
| 942 |
_2ddc _cBK |
||
| 999 |
_c61040 _d61040 |
||